LIBRARY & INFORMATION CENTRE, KCAET, TAVANUR

ONLINE PUBLIC ACCESS CATALOGUE (OPAC)

Sahakaranavum samuhya vikasanavum / (Record no. 4636)

MARC details
000 -LEADER
fixed length control field 00438cam a2200169ua 4500
041 ## - LANGUAGE CODE
Language code of text/sound track or separate title mal
082 ## - DEWEY DECIMAL CLASSIFICATION NUMBER
Classification number 334.01
Item number PIL/SA
100 ## - MAIN ENTRY--AUTHOR NAME
Personal name Pillai, G R.
245 ## - TITLE STATEMENT
Title Sahakaranavum samuhya vikasanavum /
260 ## - PUBLICATION, DISTRIBUTION, ETC. (IMPRINT)
Place of publication Thiruvananthapuram :
Name of publisher State Instititute of Languages ,
Year of publication 1970.
300 ## - PHYSICAL DESCRIPTION
Number of Pages 520 ; .
942 ## - ADDED ENTRY ELEMENTS (KOHA)
Koha item type Books
Holdings
Withdrawn status Lost status Damaged status Home library Current library Date acquired Full call number Accession Number Koha item type
      KAUAET KAUAET 07/04/2012 334.01 13036 Books
Withdrawn     KAUAET KAUAET 16/11/2023 334.01 PIL/SA 12893 Books
free website counter